000 00783nam a22002057a 4500
003 OSt
005 20260120033453.0
008 260120b |||||||| |||| 00| 0 eng d
020 _a971-550-494-2.
040 _aDWCL-Main lib
_cOC
082 _aFil. 261.7 M843c 2006
100 _aMoreno, Antonio F.
245 _aChurch, state, and civil society in postauthoritarian Philippines :
_bnarratives of engaged citizanship
_cMoreno, Antonio F.
260 _aQuezon City :
_bAteneo de Manila University Press,
_cc2006.
300 _axxi, 349 pages :
_billustration ;
_c23 cm.
650 _21. Christian democracy-Philippines.
650 _22. Christian sociology-Philippines-Catholic church.
650 _23. Church and state-Philippines-Catholic Church.
942 _2ddc
_cBK-FIL
_kFil.
_n0
999 _c7571
_d7571